| 000 | 00951cam a2200253 i 4500 | ||
|---|---|---|---|
| 003 | SA-RiAUC | ||
| 005 | 20241119084913.0 | ||
| 008 | 241111s1983 le g 000r0 ara c | ||
| 040 |
_aSA-JeALM _bara _cSA-RiAUC _erda |
||
| 082 | 0 | 4 | _a258.2 |
| 090 |
_a258.2 _bب ا ج |
||
| 100 | 1 |
_aالباجقني، محمد عبد الغني، _d1893-1975 _eمؤلف. |
|
| 245 | 1 | 2 |
_aالمدخل إلى أصول الفقه المالكي / _cمحمد عبد الغني االباجقغي. |
| 246 | 3 | 0 | _aأصول الفقه المالكي |
| 250 | _aالطبعة الثانية. | ||
| 264 | 1 |
_aبيروت : _bدار لبنان للطباعة والنشر، _c1983 |
|
| 300 |
_a151 صفحة ؛ _c24 سم |
||
| 336 |
_aنص _btxt _2rdacontent _3كتاب |
||
| 337 |
_aبدون وسيط _bn _2rdamedia |
||
| 338 |
_aمجلد _bnc _2rdacarrier |
||
| 650 | 7 |
_aالفقه المالكي _2aucsh |
|
| 942 |
_2ddc _cBOOK _n0 |
||
| 949 |
_aSA-JeALM _d241111 _umohamedma123 _n1 |
||
| 999 |
_c2513 _d2513 |
||